[Event "LGA Premium Cup"]
[Site "schach.lga.de"]
[Date "2005.09.11"]
[Round "6.29"]
[White "Vogiatzis, Dimitrios"]
[Black "Kanewski, Josef"]
[Result "1-0"]
[WhiteElo "2070"]
[BlackElo "2088"]
[PlyCount "80"]
[EventDate "2005.09.11"]
[SourceDate " "]

1. e4 c5 2. b4 cxb4 3. d4 e6 4. Nf3 d5 5. e5 Ne7 6. a3 Qa5 7. Nbd2 Nf5 8. Nb3
Qd8 9. h4 h5 10. Bd3 a5 11. Bg5 Qc7 12. O-O b6 13. axb4 Bxb4 14. c3 Bf8 15.
Nbd2 Bd7 16. c4 dxc4 17. Nxc4 b5 18. Ne3 Nxe3 19. fxe3 Na6 20. Qe2 Qb6 21. Nd2
Bc6 22. d5 exd5 23. e6 f6 24. Bg6+ Kd8 25. Rxf6 gxf6 26. Bxf6+ Kc7 27. Bxh8 Bc5
28. Be5+ Kb7 29. Rf1 Be8 30. Bf7 d4 31. Nb3 dxe3 32. Kh1 a4 33. Nxc5+ Qxc5 34.
Bxe8 Rxe8 35. Rf7+ Kb6 36. Qb2 e2 37. Qxe2 Rxe6 38. Rf5 Qc1+ 39. Kh2 Nc5 40.
Rf8 Ka5 1-0

[Event "LGA Premium Cup"]
[Site "schach.lga.de"]
[Date "2005.09.11"]
[Round "6.30"]
[White "Golder, Waldemar"]
[Black "Schmitz, Manuela"]
[Result "1/2-1/2"]
[WhiteElo "1690"]
[BlackElo "2051"]
[PlyCount "132"]
[EventDate "2005.09.11"]
[SourceDate " "]

1. c4 e6 2. Nc3 d5 3. d4 c6 4. Nf3 Nf6 5. cxd5 exd5 6. Bg5 Be7 7. Qc2 O-O 8. e3
Nbd7 9. Bd3 h6 10. Bh4 Re8 11. O-O Ne4 12. Bxe7 Qxe7 13. Bxe4 dxe4 14. Nd2 Nf6
15. f3 exf3 16. Rxf3 Bg4 17. Rg3 Qd7 18. Nc4 Nh5 19. Rxg4 Qxg4 20. Ne5 Qg5 21.
Qe2 Nf6 22. Rf1 Rxe5 23. dxe5 Qxe5 24. e4 Re8 25. Qc4 Qe6 26. Qxe6 Rxe6 27. Re1
Kf8 28. Kf2 Ng4+ 29. Kf3 Ne5+ 30. Ke3 Rd6 31. Rd1 Ng4+ 32. Kf4 Rxd1 33. Nxd1
Nxh2 34. Ne3 h5 35. Ke5 Ng4+ 36. Nxg4 hxg4 37. Kd6 c5 38. Kxc5 Ke7 39. Kd5 Kf6
40. g3 Ke7 41. Ke5 g6 42. Kf4 Ke6 43. Kxg4 Ke5 44. Kf3 Kd4 45. Kf4 f6 46. a4 a5
47. g4 b6 48. b3 Kc3 49. g5 fxg5+ 50. Kxg5 Kd4 51. Kf4 g5+ 52. Kf5 g4 53. e5 g3
54. e6 g2 55. e7 g1=Q 56. e8=Q Qf2+ 57. Kg6 Qg3+ 58. Kh7 Qh4+ 59. Kg7 Qg4+ 60.
Kf8 Qf5+ 61. Kg8 Qd5+ 62. Kf8 Qe5 63. Qd8+ Kc3 64. Qxb6 Qf5+ 65. Ke7 Qe5+ 66.
Kf7 Qf5+ 1/2-1/2

[Event "LGA Premium Cup"]
[Site "schach.lga.de"]
[Date "2005.09.11"]
[Round "6.31"]
[White "Pühn, Georg"]
[Black "Hoffmann, Ayar"]
[Result "1-0"]
[WhiteElo "2046"]
[BlackElo "1844"]
[PlyCount "106"]
[EventDate "2005.09.11"]
[SourceDate " "]

1. e4 c5 2. Nf3 d6 3. Bb5+ Bd7 4. Bxd7+ Qxd7 5. O-O g6 6. c3 e5 7. d4 Bg7 8.
Be3 b6 9. Qb3 Ne7 10. Rd1 Qc6 11. Nbd2 O-O 12. dxe5 dxe5 13. Bg5 Re8 14. Nc4
Nc8 15. Rd5 f6 16. Bh4 Qe6 17. Rad1 Nc6 18. Rd6 Nxd6 19. Rxd6 Qf7 20. Rxc6 Rad8
21. h3 Kh8 22. Ne3 Rd7 23. Bg3 f5 24. Qxf7 Rxf7 25. Ng5 Rff8 26. exf5 gxf5 27.
Bh4 h6 28. Ne6 Rf7 29. Nxg7 Kxg7 30. Nd5 f4 31. f3 Rd7 32. c4 e4 33. fxe4 Rxe4
34. Kf2 Rxc4 35. Nf6 Rf7 36. Nh5+ Kh7 37. Kf3 Rc2 38. Nf6+ Kg7 39. Nh5+ Kh7 40.
Nf6+ Kg7 41. Ne4 Kh7 42. Bf6 Rd7 43. Bc3 Rf7 44. Nf6+ Kg6 45. Ng4+ Kg5 46. Nxh6
Rd7 47. h4+ Kxh4 48. Nf5+ Kg5 49. Nd6 Kh5 50. Ne4 Rd3+ 51. Kxf4 Rxg2 52. Rc7
Kh4 53. Be1+ Kh3 1-0

[Event "LGA Premium Cup"]
[Site "schach.lga.de"]
[Date "2005.09.11"]
[Round "6.33"]
[White "Runte, Dirk"]
[Black "Schlötterer, Hermann"]
[Result "0-1"]
[WhiteElo "1604"]
[BlackElo "2040"]
[PlyCount "46"]
[EventDate "2005.09.11"]
[SourceDate " "]

1. c4 Nf6 2. g3 g6 3. Bg2 Bg7 4. d4 d6 5. Nc3 Nc6 6. Nf3 O-O 7. e4 e5 8. d5 Ne7
9. O-O h6 10. h3 Ne8 11. Nh2 f5 12. f4 exf4 13. Rxf4 Be5 14. Qf3 g5 15. Rxf5
Nxf5 16. exf5 Bxf5 17. Qh5 Qf6 18. Bd2 Ng7 19. Qe2 Rae8 20. Qd1 Bxg3 21. Ng4
Qd4+ 22. Kh1 Bxg4 23. hxg4 Rf2 0-1

[Event "LGA Premium Cup"]
[Site "schach.lga.de"]
[Date "2005.09.11"]
[Round "6.34"]
[White "Kaspar, Willi"]
[Black "Ter-Akopyan, Bagrat"]
[Result "1-0"]
[WhiteElo "2032"]
[BlackElo "1813"]
[PlyCount "55"]
[EventDate "2005.09.11"]
[SourceDate " "]

1. e4 d5 2. exd5 Nf6 3. c4 c6 4. d4 cxd5 5. Nf3 Nc6 6. Nc3 Bg4 7. c5 e5 8. dxe5
Nxe5 9. Bb5+ Nc6 10. Qe2+ Be7 11. Be3 O-O 12. O-O Qa5 13. Bd2 Rfe8 14. Nxd5
Bxf3 15. Nxf6+ gxf6 16. gxf3 Qc7 17. Qe4 Bxc5 18. Qf5 Re5 19. Qxf6 Be7 20. Qh6
Rxb5 21. Kh1 Ne5 22. Bc3 Rb6 23. Rg1+ Rg6 24. Rae1 Bf8 25. Qf4 f6 26. Qxf6 Nc6
27. Qh8+ Kf7 28. Qxh7+ 1-0

[Event "LGA Premium Cup"]
[Site "schach.lga.de"]
[Date "2005.09.11"]
[Round "6.35"]
[White "Werner, Thomas"]
[Black "Lauer, Moritz"]
[Result "0-1"]
[WhiteElo "1938"]
[BlackElo "2232"]
[PlyCount "44"]
[EventDate "2005.09.11"]
[SourceDate " "]

1. d4 Nf6 2. c4 e5 3. dxe5 Ne4 4. Nd2 Nc5 5. Ngf3 Nc6 6. g3 d6 7. exd6 Qxd6 8.
Bg2 Bf5 9. Nh4 Be6 10. O-O O-O-O 11. b4 Nxb4 12. a3 Nc6 13. Bxc6 Qxc6 14. Qc2
Bh3 15. f3 Bxf1 16. Nxf1 Be7 17. Be3 g6 18. Ng2 Bf6 19. Rb1 a6 20. Nf4 Ne6 21.
Nd3 Bd4 22. Bxd4 Nxd4 0-1

[Event "LGA Premium Cup"]
[Site "schach.lga.de"]
[Date "2005.09.11"]
[Round "6.36"]
[White "Dinger, Florian"]
[Black "Wagner, Florian"]
[Result "1/2-1/2"]
[WhiteElo "2179"]
[BlackElo "2010"]
[PlyCount "100"]
[EventDate "2005.09.11"]
[SourceDate " "]

1. e4 c5 2. Nf3 Nc6 3. Bb5 e6 4. Bxc6 bxc6 5. d3 Ne7 6. h4 Rb8 7. Nbd2 f6 8. h5
e5 9. g4 d6 10. Nh4 Be6 11. Qe2 Rb7 12. b3 Nc8 13. Nf5 Rg8 14. Ne3 g6 15. Bb2
Bh6 16. hxg6 Bxe3 17. Qxe3 hxg6 18. f3 Rf7 19. O-O-O Ne7 20. Rdg1 g5 21. Bc3
Ng6 22. Nf1 Ke7 23. Ng3 Nh4 24. Rh3 Rh8 25. Rgh1 Rh6 26. Nf5+ Bxf5 27. gxf5
Rfh7 28. Qf2 Nxf5 29. Rxh6 Rxh6 30. Rxh6 Nxh6 31. b4 Qb6 32. bxc5 Qxc5 33. Qxc5
dxc5 34. Bd2 Nf7 35. Be3 Kd6 36. Kb2 c4 37. Bxa7 c5 38. Bb6 Kc6 39. Ba5 Kb5 40.
Bd2 cxd3 41. cxd3 Nd8 42. Kb3 Ne6 43. a4+ Kc6 44. Be3 Nd8 45. Kc3 Nb7 46. Kd2
Kb6 47. Kc2 Na5 48. Kc3 Kc6 49. Bd2 Kb6 50. Be3 Kc6 1/2-1/2

[Event "LGA Premium Cup"]
[Site "schach.lga.de"]
[Date "2005.09.11"]
[Round "6.37"]
[White "Thürauf, Peter"]
[Black "Seeger, Peter"]
[Result "1-0"]
[WhiteElo "1985"]
[BlackElo "2116"]
[PlyCount "93"]
[EventDate "2005.09.11"]
[SourceDate " "]

1. d4 Nf6 2. Nf3 g6 3. c4 Bg7 4. Nc3 O-O 5. g3 d6 6. Bg2 Nbd7 7. O-O e5 8. h3
c6 9. Be3 e4 10. Nd2 d5 11. cxd5 cxd5 12. Rc1 Nb6 13. a4 Be6 14. a5 Nc8 15. Qa4
Ne8 16. Qb4 f5 17. Bf4 g5 18. Be5 Rf7 19. f4 Bf8 20. Qa4 Ncd6 21. e3 Bg7 22.
Ne2 h6 23. Kh2 Bd7 24. Qa2 Bb5 25. Rfe1 Bc4 26. b3 Bxe2 27. Rxe2 Rc7 28. Rxc7
Qxc7 29. b4 Qc6 30. Nb3 Nc4 31. Bxg7 Kxg7 32. Nc5 b6 33. Nb3 Ned6 34. Nd2 Qb5
35. Nxc4 Nxc4 36. axb6 a6 37. Qb3 a5 38. Ra2 a4 39. Qc3 Qxb6 40. Bf1 Qb5 41.
Kg2 Nxe3+ 42. Qxe3 Qxb4 43. fxg5 h5 44. Qa3 Qxd4 45. Qe7+ Kg6 46. Rc2 Ra6 47.
Bxa6 1-0

[Event "LGA Premium Cup"]
[Site "schach.lga.de"]
[Date "2005.09.11"]
[Round "6.38"]
[White "Klein, Waldemar"]
[Black "Sippl, Martin"]
[Result "1/2-1/2"]
[WhiteElo "2008"]
[BlackElo "2092"]
[PlyCount "77"]
[EventDate "2005.09.11"]
[SourceDate " "]

1. Nf3 Nf6 2. d4 d6 3. Bf4 g6 4. e3 Bg7 5. Bc4 c6 6. c3 h6 7. h3 b5 8. Bb3 Qb6
9. Nbd2 Na6 10. O-O Nc7 11. e4 O-O 12. Be3 Qb7 13. Qe2 Rb8 14. e5 Nfd5 15. Ne4
Bf5 16. exd6 Bxe4 17. dxc7 Qxc7 18. Nd2 Bf5 19. Bxd5 cxd5 20. Qf3 Qd7 21. Bf4
Rb6 22. Nb3 b4 23. Nc5 Qc6 24. g4 Bc8 25. Rfe1 Re8 26. Be5 f6 27. Bf4 e5 28.
Bd2 e4 29. Qg3 bxc3 30. Bxc3 g5 31. Rac1 Qa8 32. b4 Bf8 33. Bd2 Bd6 34. Qb3 Be6
35. Nxe6 Rxe6 36. f3 Kg7 37. fxe4 dxe4 38. Rc4 Re7 39. Rec1 1/2-1/2

[Event "LGA Premium Cup"]
[Site "schach.lga.de"]
[Date "2005.09.11"]
[Round "6.39"]
[White "Bildt, Thomas"]
[Black "Hintyes, Helmuth"]
[Result "1-0"]
[WhiteElo "2084"]
[BlackElo "1809"]
[PlyCount "135"]
[EventDate "2005.09.11"]
[SourceDate " "]

1. e4 c5 2. Nc3 g6 3. f4 Bg7 4. Nf3 Nc6 5. Bc4 a6 6. a4 e6 7. d3 Nge7 8. O-O d5
9. Ba2 b6 10. Re1 O-O 11. e5 Nb4 12. Bd2 Nf5 13. Ne2 Nxa2 14. Rxa2 d4 15. Ng5
Qd5 16. Ra1 Bb7 17. Ne4 f6 18. exf6 Bxf6 19. N2g3 Bh4 20. Qg4 Rae8 21. Re2 Bxg3
22. Nxg3 Bc8 23. Re5 Qc6 24. Ne4 Kg7 25. Ng5 h6 26. Nf3 Nd6 27. Qg3 Nf5 28. Qh3
Nd6 29. f5 Nxf5 30. Rxf5 exf5 31. Bxh6+ Kg8 32. Bxf8 Kxf8 33. Qh8+ Ke7 34. Re1+
Kd8 35. Rxe8+ Qxe8 36. Qf6+ Kc7 37. Qe5+ Qxe5 38. Nxe5 g5 39. h3 Be6 40. Kf2
Kd6 41. Nf3 g4 42. Nd2 b5 43. axb5 axb5 44. hxg4 fxg4 45. Ne4+ Kd5 46. Kg3 c4
47. Kf4 Bc8 48. Nf6+ Kc5 49. Ke5 Bb7 50. Ne4+ Bxe4 51. Kxe4 g3 52. Ke5 cxd3 53.
cxd3 Kb4 54. Kxd4 Kb3 55. Ke3 Kxb2 56. d4 b4 57. d5 Kc2 58. d6 b3 59. d7 b2 60.
d8=Q b1=Q 61. Qd3+ Kb2 62. Qxb1+ Kxb1 63. Kf3 Kc2 64. Kxg3 Kd3 65. Kf4 Kd4 66.
g4 Kd5 67. Kf5 Kd6 68. Kf6 1-0

[Event "LGA Premium Cup"]
[Site "schach.lga.de"]
[Date "2005.09.11"]
[Round "6.40"]
[White "Birkmann, Günther"]
[Black "Laibold, Lorenz"]
[Result "1/2-1/2"]
[WhiteElo "2078"]
[BlackElo "1749"]
[PlyCount "44"]
[EventDate "2005.09.11"]
[SourceDate " "]

1. Nf3 Nf6 2. c4 g6 3. g3 Bg7 4. Bg2 d6 5. d4 Nbd7 6. Nc3 O-O 7. O-O a6 8. Qc2
c5 9. Rd1 Qc7 10. b3 Rb8 11. a4 cxd4 12. Nxd4 Nc5 13. e4 b6 14. Bb2 e6 15. e5
dxe5 16. Nc6 Bb7 17. Nxb8 Rxb8 18. Bxb7 Qxb7 19. Re1 e4 20. Rad1 Nd3 21. Rxd3
exd3 22. Qxd3 Nd7 1/2-1/2

[Event "LGA Premium Cup"]
[Site "schach.lga.de"]
[Date "2005.09.11"]
[Round "6.41"]
[White "Hirschberg, Valerian"]
[Black "Morgenstern, Petra"]
[Result "1/2-1/2"]
[WhiteElo "1810"]
[BlackElo "2036"]
[PlyCount "41"]
[EventDate "2005.09.11"]
[SourceDate " "]

1. Nf3 d5 2. c4 c6 3. g3 Nf6 4. Bg2 e6 5. b3 Be7 6. O-O O-O 7. Bb2 Nbd7 8. d4
b5 9. Nbd2 Bb7 10. Ne5 bxc4 11. bxc4 c5 12. Nxd7 Qxd7 13. dxc5 Rac8 14. Bxd5
Nxd5 15. Nb3 Qb5 16. Bd4 Rfd8 17. e4 Nc3 18. Bxc3 Rxd1 19. Rfxd1 Bxc5 20. Rab1
Bb6 21. Na5 1/2-1/2

[Event "LGA Premium Cup"]
[Site "schach.lga.de"]
[Date "2005.09.11"]
[Round "6.43"]
[White "Gohlke, Herbert"]
[Black "Rosenzweig, Jürgen"]
[Result "1-0"]
[WhiteElo "2166"]
[BlackElo "1604"]
[PlyCount "81"]
[EventDate "2005.09.11"]
[SourceDate " "]

1. e4 g6 2. d3 Bg7 3. c3 d5 4. Qc2 Nh6 5. Be2 O-O 6. Be3 Nc6 7. Na3 a6 8. h3 f6
9. g4 Nf7 10. f4 d4 11. Bd2 Bh6 12. Nf3 e5 13. cxd4 Nxd4 14. Nxd4 exd4 15.
O-O-O Re8 16. Kb1 Bf8 17. h4 a5 18. h5 g5 19. fxg5 fxg5 20. Rc1 c6 21. Rcf1 Be6
22. Bd1 Ne5 23. Nc4 Nxc4 24. dxc4 d3 25. Qc1 h6 26. Rf3 Bxg4 27. Rxf8+ Rxf8 28.
Bxg4 Qe7 29. Bf5 b6 30. Qc3 Rad8 31. Rd1 c5 32. b3 Rd6 33. Bc1 Qf6 34. Qd2 Qf7
35. Bb2 Qxh5 36. Be5 Rc6 37. Qxd3 Qf7 38. Bb2 h5 39. Qc3 Qf6 40. Qh3 Qh6 41.
Rd7 1-0

[Event "LGA Premium Cup"]
[Site "schach.lga.de"]
[Date "2005.09.11"]
[Round "6.44"]
[White "Seidel, Michael"]
[Black "Gemmel, Jürgen"]
[Result "1-0"]
[WhiteElo "2076"]
[BlackElo "1560"]
[PlyCount "75"]
[EventDate "2005.09.11"]
[SourceDate " "]

1. e4 e5 2. Nf3 Nf6 3. Nxe5 d6 4. Nf3 Nxe4 5. d4 d5 6. Bd3 Bd6 7. O-O O-O 8. c4
c6 9. Re1 Re8 10. Nc3 Nxc3 11. Rxe8+ Qxe8 12. bxc3 dxc4 13. Bxc4 Bg4 14. Bd2
Nd7 15. Bg5 Nb6 16. Bb3 Qd7 17. Qd3 Bf5 18. Qd2 Re8 19. Bf4 Bxf4 20. Qxf4 Nd5
21. Qd2 Qc8 22. Rc1 Nf6 23. Re1 Rxe1+ 24. Qxe1 Kf8 25. Qe5 Bg6 26. Qc5+ Kg8 27.
Qxa7 Ne4 28. Qa5 Qe8 29. h3 h6 30. Ne5 Kh7 31. Bc2 Nf6 32. Bxg6+ fxg6 33. Qc7
Nd5 34. Qxb7 Nxc3 35. Qb2 Nd5 36. a4 Qa8 37. Qc2 Nf4 38. Qe4 1-0

[Event "LGA Premium Cup"]
[Site "schach.lga.de"]
[Date "2005.09.11"]
[Round "6.45"]
[White "Hager, Lothar"]
[Black "Vogiatzis, Joannis"]
[Result "0-1"]
[WhiteElo "1625"]
[BlackElo "2034"]
[PlyCount "94"]
[EventDate "2005.09.11"]
[SourceDate " "]

1. Nf3 c5 2. g3 d5 3. Bg2 Nc6 4. d3 Nf6 5. O-O g6 6. Nbd2 Bg7 7. c3 O-O 8. Re1
e5 9. e4 Re8 10. exd5 Nxd5 11. Ne4 b6 12. Qc2 h6 13. Nh4 Be6 14. Qe2 Rc8 15.
Be3 Nxe3 16. fxe3 Qe7 17. h3 Nb8 18. b3 Rcd8 19. Rad1 Bc8 20. c4 Bb7 21. g4
Qxh4 22. Rf1 Bxe4 23. Bxe4 Nd7 24. Rf3 Nf6 25. Bc6 Re6 26. Bb7 Re7 27. Bd5 Rc7
28. Be4 Nxe4 29. dxe4 Rxd1+ 30. Qxd1 Qe7 31. Rf1 Rd7 32. Qf3 Qd6 33. h4 Qe7 34.
h5 gxh5 35. gxh5 Rd2 36. Rf2 Qg5+ 37. Kh1 Qh4+ 38. Kg2 Rxf2+ 39. Qxf2 Qxf2+ 40.
Kxf2 Bf6 41. Kg3 Bg5 42. Kg4 f6 43. Kf5 Kf7 44. Kg4 Bxe3 45. Kf3 Bc1 46. Kg3
Ke6 47. Kg4 Bg5 0-1

[Event "LGA Premium Cup"]
[Site "schach.lga.de"]
[Date "2005.09.11"]
[Round "6.46"]
[White "Wittmann, Norbert"]
[Black "Kirch, Florian"]
[Result "1/2-1/2"]
[WhiteElo "1568"]
[BlackElo "1821"]
[PlyCount "38"]
[EventDate "2005.09.11"]
[SourceDate " "]

1. e4 Nf6 2. Nc3 d5 3. exd5 Nxd5 4. Bc4 Nxc3 5. Qf3 e6 6. dxc3 Bd6 7. Ne2 Nc6
8. Be3 Ne5 9. Qe4 Nxc4 10. Qxc4 Qe7 11. Nd4 a6 12. O-O Bd7 13. Rfe1 e5 14. Qd3
e4 15. Qd2 O-O 16. Bg5 f6 17. Bh4 c5 18. Nb3 Bf5 19. Qd5+ Be6 1/2-1/2

[Event "LGA Premium Cup"]
[Site "schach.lga.de"]
[Date "2005.09.11"]
[Round "6.47"]
[White "Zeitler, Hans-Jürgen"]
[Black "Niederkleine, Ingmar"]
[Result "1-0"]
[WhiteElo "1950"]
[BlackElo "1593"]
[PlyCount "59"]
[EventDate "2005.09.11"]
[SourceDate " "]

1. d4 Nf6 2. c4 e6 3. Nf3 d5 4. Bg5 Be7 5. Nc3 Nc6 6. e3 h6 7. Bxf6 Bxf6 8. Rc1
O-O 9. Bd3 Ne7 10. O-O c6 11. Ne2 Ng6 12. Bb1 Re8 13. Qc2 e5 14. cxd5 exd4 15.
Nexd4 Bxd4 16. Nxd4 Qxd5 17. Rcd1 Qg5 18. f4 Qf6 19. Qf2 Bg4 20. Rd2 Bc8 21. e4
Qh4 22. Qxh4 Nxh4 23. f5 c5 24. Nb5 g6 25. Nc7 Nxf5 26. exf5 Bxf5 27. Bxf5 gxf5
28. Nxa8 Rxa8 29. Rxf5 b6 30. Rd7 1-0

[Event "LGA Premium Cup"]
[Site "schach.lga.de"]
[Date "2005.09.11"]
[Round "6.48"]
[White "Demburg, Dimitrij"]
[Black "Küffner, Christian"]
[Result "1-0"]
[WhiteElo "1927"]
[BlackElo "1567"]
[PlyCount "51"]
[EventDate "2005.09.11"]
[SourceDate " "]

1. e4 e5 2. Nf3 Nf6 3. Nc3 Bb4 4. Bc4 O-O 5. d3 d5 6. exd5 Nxd5 7. Bd2 Bxc3 8.
bxc3 Nc6 9. O-O Bg4 10. Rb1 Na5 11. Bxd5 Qxd5 12. c4 Nxc4 13. dxc4 Qxc4 14.
Nxe5 Bxd1 15. Nxc4 Bxc2 16. Rbc1 Bd3 17. Rfe1 Bxc4 18. Rxc4 c6 19. h3 Rfe8 20.
Rce4 Rxe4 21. Rxe4 f5 22. Re7 b6 23. Bc3 g6 24. Rg7+ Kf8 25. Rxh7 a6 26. Rh8+
1-0

[Event "LGA Premium Cup"]
[Site "schach.lga.de"]
[Date "2005.09.11"]
[Round "6.49"]
[White "Kuhlmann, Andreas"]
[Black "Ahlich, Thomas"]
[Result "0-1"]
[WhiteElo "1593"]
[BlackElo "1896"]
[PlyCount "30"]
[EventDate "2005.09.11"]
[SourceDate " "]

1. e4 e5 2. f4 d5 3. exd5 e4 4. Nc3 Nf6 5. Bc4 Bc5 6. d4 exd3 7. Qxd3 O-O 8.
Nge2 Re8 9. Bd2 Ng4 10. Ne4 Bf5 11. Qf3 Rxe4 12. h3 Nf2 13. g4 Nxh1 14. Qxh1
Qh4+ 15. Kd1 Rxc4 0-1

[Event "LGA Premium Cup"]
[Site "schach.lga.de"]
[Date "2005.09.11"]
[Round "6.50"]
[White "Götz, Dieter"]
[Black "Rottner, Wolfgang"]
[Result "1-0"]
[WhiteElo "1857"]
[BlackElo "1560"]
[PlyCount "57"]
[EventDate "2005.09.11"]
[SourceDate " "]

1. c4 c6 2. e4 d5 3. exd5 cxd5 4. d4 e6 5. Nc3 Nf6 6. Nf3 Be7 7. Bf4 Nc6 8. Rc1
O-O 9. c5 a6 10. Bd3 Bd7 11. O-O b6 12. Na4 bxc5 13. dxc5 Nb4 14. Bb1 Bxa4 15.
Qxa4 a5 16. Nd4 Qc8 17. c6 Ne4 18. a3 Na6 19. Bxe4 dxe4 20. Nb3 f5 21. Rfd1 Rd8
22. Rd7 Bf6 23. Rcd1 e5 24. Bxe5 Rxd7 25. cxd7 Qd8 26. Bxf6 gxf6 27. Qc6 Ra7
28. Qc8 Ra8 29. Qxa8 1-0

[Event "LGA Premium Cup"]
[Site "schach.lga.de"]
[Date "2005.09.11"]
[Round "6.51"]
[White "Yin, Zixiao"]
[Black "Hennemann, Herbert"]
[Result "1-0"]
[WhiteElo "1849"]
[BlackElo "1524"]
[PlyCount "113"]
[EventDate "2005.09.11"]
[SourceDate " "]

1. c3 c5 2. Na3 Nc6 3. g3 Nf6 4. Bg2 d5 5. Nf3 e6 6. d3 Be7 7. O-O a6 8. Bg5
O-O 9. Nd2 h6 10. Bxf6 Bxf6 11. e4 Ne7 12. f4 e5 13. fxe5 Bxe5 14. Qh5 Ng6 15.
exd5 b5 16. Be4 Qg5 17. Qxg5 hxg5 18. Bxg6 fxg6 19. Rxf8+ Kxf8 20. Ne4 Bf5 21.
Rf1 Kg8 22. Nxc5 Bf6 23. Ne4 Bxe4 24. dxe4 Re8 25. Re1 b4 26. cxb4 Bxb2 27. Nc2
Kf7 28. g4 Kf6 29. Kg2 Be5 30. Ne3 Bf4 31. Nc4 Rc8 32. e5+ Ke7 33. Re4 Rd8 34.
d6+ Ke6 35. Nb2 Kd5 36. e6 Bxd6 37. Re2 Bxb4 38. Nd3 Be7 39. Rd2 Kxe6 40. Nc5+
Kf7 41. Rxd8 Bxd8 42. Nxa6 Ke6 43. Nc5+ Kd5 44. Nd7 Kc4 45. Kf3 Kb4 46. Ke4 Ka3
47. Nf8 Kxa2 48. Nxg6 Kb2 49. Kf5 Kc2 50. Nf8 Kd3 51. Ne6 Bf6 52. Nxg5 Bxg5 53.
Kxg5 Ke4 54. Kg6 Kf4 55. h3 Kg3 56. Kxg7 Kxh3 57. g5 1-0

[Event "LGA Premium Cup"]
[Site "schach.lga.de"]
[Date "2005.09.11"]
[Round "6.52"]
[White "Meyer, Friedrich"]
[Black "Frey, Alisa"]
[Result "1-0"]
[WhiteElo "1837"]
[BlackElo "1520"]
[PlyCount "51"]
[EventDate "2005.09.11"]
[SourceDate " "]

1. d4 d5 2. Nf3 Nf6 3. e3 e6 4. Bd3 Bd6 5. b3 O-O 6. Bb2 Nbd7 7. O-O b6 8. Nbd2
Bb7 9. Ne5 c5 10. f4 Qc7 11. c4 cxd4 12. exd4 Rac8 13. Rc1 Rfd8 14. cxd5 Qb8
15. dxe6 fxe6 16. Rxc8 Rxc8 17. Ndc4 Bxe5 18. fxe5 Nd5 19. Bxh7+ Kxh7 20. Qh5+
Kg8 21. Qf7+ Kh8 22. Rf3 Nf8 23. Rh3+ Nh7 24. Qg6 Kg8 25. Qxh7+ Kf8 26. Ba3+
1-0

[Event "LGA Premium Cup"]
[Site "schach.lga.de"]
[Date "2005.09.11"]
[Round "6.53"]
[White "Classen, Anton"]
[Black "Bilyavskyy, Borys"]
[Result "1/2-1/2"]
[WhiteElo "1546"]
[BlackElo "1813"]
[PlyCount "42"]
[EventDate "2005.09.11"]
[SourceDate " "]

1. e4 c5 2. f4 Nc6 3. Nf3 g6 4. c3 Bg7 5. d3 e5 6. Be2 d6 7. O-O Nf6 8. Na3 O-O
9. h3 Nh5 10. Nh2 Ng3 11. Rf2 Nxe2+ 12. Qxe2 exf4 13. Bxf4 Ne5 14. Nf3 a6 15.
Raf1 Nxf3+ 16. Qxf3 Be6 17. c4 Qe7 18. b3 Rad8 19. Nc2 b5 20. g4 Qd7 21. Rh2
Kh8 1/2-1/2

[Event "LGA Premium Cup"]
[Site "schach.lga.de"]
[Date "2005.09.11"]
[Round "6.54"]
[White "Güldner, Udo"]
[Black "Gude, Michael"]
[Result "1-0"]
[WhiteElo "1975"]
[BlackElo "1510"]
[PlyCount "81"]
[EventDate "2005.09.11"]
[SourceDate " "]

1. d4 e6 2. Nf3 f5 3. c4 Bb4+ 4. Bd2 Be7 5. Nc3 Nf6 6. e3 O-O 7. Qb3 b6 8. Be2
Ne4 9. Ne5 Bb7 10. Bf3 d6 11. Nd3 Nxd2 12. Kxd2 Bxf3 13. gxf3 Kh8 14. Rag1 e5
15. d5 c6 16. Qa4 Qe8 17. Nb4 cxd5 18. Qxe8 Rxe8 19. Nbxd5 Bd8 20. Nb5 Na6 21.
Nxd6 Rf8 22. Ke2 Bf6 23. Nxf5 e4 24. fxe4 Bxb2 25. Rb1 Be5 26. f4 Bf6 27. Ng3
Rac8 28. Rhc1 Nc5 29. Nxf6 Rxf6 30. Rc2 Re8 31. e5 Rh6 32. Kf3 g5 33. Rd1 gxf4
34. exf4 Ne6 35. Ke4 Rh4 36. Rf2 Ng5+ 37. Ke3 Nf7 38. Rd7 Kg8 39. a4 Rc8 40.
Rg2 Rxc4 41. Nf5+ 1-0

[Event "LGA Premium Cup"]
[Site "schach.lga.de"]
[Date "2005.09.11"]
[Round "6.55"]
[White "Beuschel, Uwe"]
[Black "Königl, Anton"]
[Result "1/2-1/2"]
[WhiteElo "1405"]
[BlackElo "1769"]
[PlyCount "71"]
[EventDate "2005.09.11"]
[SourceDate " "]

1. e4 c5 2. Nf3 Nc6 3. Nc3 a6 4. b3 g6 5. Bb2 Bg7 6. Be2 e6 7. Na4 Bxb2 8. Nxb2
Nf6 9. d3 b5 10. O-O O-O 11. Re1 Bb7 12. Bf1 d6 13. c4 Qc7 14. h3 Rad8 15. g3
Kg7 16. Bg2 Rd7 17. Qe2 e5 18. Nd1 Qa5 19. Ne3 bxc4 20. bxc4 Nd4 21. Nxd4 cxd4
22. Nd5 Bxd5 23. exd5 Rb7 24. Reb1 Rfb8 25. Rxb7 Rxb7 26. f4 Nd7 27. fxe5 Qc3
28. Rf1 Nxe5 29. Be4 Rb2 30. Qd1 Rxa2 31. Qe1 Qa3 32. g4 a5 33. Qh4 Qb2 34.
Qf6+ Kf8 35. Qd8+ Kg7 36. Qf6+ 1/2-1/2

[Event "LGA Premium Cup"]
[Site "schach.lga.de"]
[Date "2005.09.11"]
[Round "6.56"]
[White "Kordts, Florian"]
[Black "Umrath, Stephan"]
[Result "1-0"]
[WhiteElo "1719"]
[BlackElo "1407"]
[PlyCount "105"]
[EventDate "2005.09.11"]
[SourceDate " "]

1. c4 e5 2. Nc3 Nf6 3. g3 d5 4. cxd5 Nxd5 5. Bg2 Be6 6. Nf3 Nc6 7. O-O Qd7 8.
Ng5 O-O-O 9. Nxe6 fxe6 10. d3 Be7 11. Ne4 h5 12. h3 Rdg8 13. Bd2 g5 14. Rc1 g4
15. h4 Qd8 16. Ng5 Bxg5 17. Bxg5 Rxg5 18. hxg5 Qxg5 19. Bxd5 exd5 20. Kg2 Ne7
21. Qc2 c6 22. Qc5 Kb8 23. Rh1 Nf5 24. e4 Ne7 25. Qe3 Qf6 26. f4 d4 27. Qf2
exf4 28. Qxf4+ Qxf4 29. gxf4 Ng6 30. Kg3 Kc7 31. Rc4 Nf8 32. Rxd4 Ne6 33. Rc4
b5 34. Rc3 Nd4 35. Kf2 b4 36. Rc4 Ne6 37. f5 Nf4 38. d4 a5 39. b3 h4 40. Rc2
g3+ 41. Kf3 g2 42. Rg1 h3 43. Kxf4 h2 44. Rcxg2 hxg1=Q 45. Rxg1 Rh2 46. Ke5
Rxa2 47. f6 Rf2 48. Ke6 a4 49. bxa4 b3 50. f7 b2 51. Rb1 Re2 52. e5 Rf2 53.
Rxb2 1-0

[Event "LGA Premium Cup"]
[Site "schach.lga.de"]
[Date "2005.09.11"]
[Round "6.57"]
[White "Classen, Andrej"]
[Black "Kittler, Alexander"]
[Result "1/2-1/2"]
[WhiteElo "1718"]
[BlackElo "1389"]
[PlyCount "45"]
[EventDate "2005.09.11"]
[SourceDate " "]

1. e4 d5 2. exd5 Nf6 3. d4 Nxd5 4. Nf3 Bf5 5. c3 e6 6. Bd3 Bxd3 7. Qxd3 Bd6 8.
O-O Nd7 9. Be3 O-O 10. Nbd2 c5 11. Rad1 Qc7 12. h3 Rac8 13. Ne4 Be7 14. Rfe1
Rfd8 15. Qe2 Nf4 16. Qd2 Nd5 17. Qc1 N7f6 18. Nxf6+ Bxf6 19. Bg5 Qa5 20. Bxf6
Nxf6 21. dxc5 Qxc5 22. b4 Qc4 23. Rxd8+ 1/2-1/2

[Event "LGA Premium Cup"]
[Site "schach.lga.de"]
[Date "2005.09.11"]
[Round "6.58"]
[White "Rabenstein, Christian"]
[Black "Schmidt, Axel"]
[Result "1-0"]
[WhiteElo "1678"]
[BlackElo "1668"]
[PlyCount "89"]
[EventDate "2005.09.11"]
[SourceDate " "]

1. c4 Nf6 2. Nc3 g6 3. g3 Bg7 4. Bg2 d6 5. d3 c6 6. Qc2 Na6 7. a3 Rb8 8. Rb1
Bd7 9. e4 e5 10. b4 b5 11. cxb5 cxb5 12. Be3 Rb7 13. Qd2 Ng4 14. Nge2 O-O 15.
Nd5 Nc7 16. Nec3 Nxe3 17. Nxe3 Ne6 18. O-O Nd4 19. Ncd5 Rb8 20. Nc2 Ne6 21. Na1
f5 22. Nb3 f4 23. Qe2 Rf7 24. g4 Qh4 25. f3 h5 26. Qf2 Qxf2+ 27. Rxf2 hxg4 28.
fxg4 Ng5 29. h4 Ne6 30. g5 Rc8 31. Bh3 Kh7 32. Rh2 Kg8 33. Rbb2 Nd4 34. Nxd4
exd4 35. Bxd7 Rxd7 36. Rbc2 Rc3 37. Rxc3 dxc3 38. Rc2 Bd4+ 39. Kg2 Kf7 40. Nxf4
Rc7 41. Ne2 Bg7 42. d4 Rc4 43. Rxc3 Rxc3 44. Nxc3 Bxd4 45. Nxb5 1-0